Doja Cat: Complete Discography - Statistics

General Stats
  • This quiz has been taken 52 times
    24 since last reset
  • The average score is 75 of 122
Answer Stats
Album Song % Correct
Scarlet Paint The Town Red
100%
Hot Pink Say So
100%
Scarlet Agora Hills
94%
Planet Her Woman
94%
Scarlet Demons
88%
Vie Jealous Type
88%
Planet Her Kiss Me More
88%
Amala (Bonus) Mooo!
88%
Planet Her Need To Know
88%
Scarlet Skull And Bones
88%
Purrr! So High
88%
Hot Pink Streets
88%
Amala (Bonus) Tia Tamera
88%
Scarlet 2 CLAUDE Urrrge
88%
Hot Pink Won't Bite
88%
Planet Her You Right
88%
Scarlet 2 CLAUDE Acknowledge Me
81%
Hot Pink Addiction
81%
Planet Her Been Like This
81%
Hot Pink Cyber Sex
81%
Planet Her Get Into It (Yuh)
81%
Vie Gorgeous
81%
Scarlet Gun
81%
Vie Happy
81%
Hot Pink Juicy
81%
Hot Pink Like That
81%
Scarlet Ouchies
81%
Planet Her Payday
81%
Hot Pink Rules
81%
Hot Pink Shine
81%
Scarlet Wet Vagina
81%
Amala Wine Pon You
81%
Scarlet 97
75%
Scarlet Attention
75%
Hot Pink Better Than Me
75%
Hot Pink Bottom Bitch
75%
Amala Candy
75%
Vie Cards
75%
Vie Couples Therapy
75%
Scarlet 2 CLAUDE Disrespectful
75%
Amala Go To Town
75%
Planet Her Love To Dream
75%
Scarlet 2 CLAUDE Masc
75%
Planet Her Options
75%
Scarlet 2 CLAUDE Piss
75%
Vie Silly! Fun!
75%
Vie Stranger
75%
Vie Take Me Dancing
75%
Planet Her (Bonus) Why Why
75%
Vie Aaahh Men!
69%
Vie Acts Of Service
69%
Scarlet Balut
69%
Soundtracks Boss Bitch
69%
Scarlet Can't Wait
69%
Amala Cookie Jar
69%
Scarlet Fuck The Girls / FTG
69%
Scarlet Go Off
69%
Scarlet 2 CLAUDE Headhigh
69%
Planet Her I Don't Do Drugs
69%
Planet Her Imagine
69%
Vie Lipstain
69%
Planet Her Naked
69%
Purrr! No Police
69%
Scarlet Often
69%
Planet Her (Bonus) Tonight
69%
Planet Her (Bonus) Up And Down
69%
Soundtracks Vegas
69%
Scarlet (Bonus) WYM Freestyle
69%
Planet Her Ain't Shit
63%
Vie All Mine
63%
Amala All Nighter
63%
Planet Her Alone
63%
Purrr! Beautiful
63%
Amala Casual
63%
Vie Come Back
63%
Features Dick
63%
Amala Fancy
63%
Singles Freak
63%
Scarlet Love Life
63%
Purrr! Nunchucks
63%
Vie One More Time
63%
Planet Her (Bonus) Ride
63%
Scarlet (Bonus) Shutcho
63%
Hot Pink Talk Dirty
63%
Purrr! Control
56%
Vie Make It Up
56%
Scarlet 2 CLAUDE Okloser
56%
Amala Wild Beach
56%
Amala Body Language
50%
Amala Morning Light
50%
Amala Roll With Us
50%
Amala Down Low
44%
Features Best Friend
38%
Features Born Again
38%
Amala Game
38%
Features Baby, I'm Jealous
31%
Duets / Collaborations Freaky Deaky
31%
Duets / Collaborations Handstand
31%
Features I Like You / A Happier Song
31%
Features Make That Cake
31%
Duets / Collaborations N.H.I.E.
31%
Features Right Side
31%
Features Still Can't Fuh
31%
Duets / Collaborations Del Mar
25%
Duets / Collaborations Go Girl
25%
Features In My Feelings
25%
Soundtracks Jeezu
25%
Features Lose My Mind
25%
Features Purple Light
25%
Features Pussy Talk
25%
Features Scoop
25%
Features Waffle House
25%
Features 20 Below
19%
Features Equally Lost
19%
Features Icy Hot
19%
Features Just Us
19%
Features Shimmy
19%
Features The Wave
19%
Features To Be Young
19%
Features Anything You Want
13%
Features Lord Cooler
13%
Features Shifty
6%
No matching quizzes found
Score Distribution
Percent of People with Each Score
Percentile by Number Answered
Your Score History
You have not taken this quiz since the last reset